Cachondeos, escarceos y otros meneos
保存先:
| 第一著者: | |
|---|---|
| フォーマット: | 図書 |
| 言語: | スペイン語 |
| 出版事項: |
Madrid
Temas de Hoy
1991
|
| 版: | 4a. ed |
| シリーズ: | Biblioteca Erótica, 12
|
| 主題: | |
| タグ: |
タグ追加
タグなし, このレコードへの初めてのタグを付けませんか!
|
MARC
| LEADER | 00000nam a2200000 a 4500 | ||
|---|---|---|---|
| 001 | UCG2945 | ||
| 003 | CL-VaPUC | ||
| 008 | 100805e19910000SP |||||||||||||||||spa|d | ||
| 020 | |a 8478800735 | ||
| 082 | 0 | 4 | |a 863 |b CEL |2 21 |
| 100 | 0 | |a Cela, Camilo José |e author |9 320105 | |
| 245 | 1 | 0 | |a Cachondeos, escarceos y otros meneos |
| 250 | |a 4a. ed | ||
| 300 | |a 270 p | ||
| 942 | |c BK | ||
| 945 | |d 20100805 00:00:00 |a cmena | ||
| 260 | |a Madrid |b Temas de Hoy |c 1991 | ||
| 650 | 0 | |a Cuentos españoles |9 267960 | |
| 650 | 7 | |a EROTISMO |2 CL-VaPUC |9 313188 | |
| 650 | 0 | |a Literatura española |9 306261 | |
| 583 | |a last modification |c 20100805 00:00:00 |k Rodrigo Vera | ||
| 490 | 0 | |a Biblioteca Erótica, 12 | |
| 999 | |c 342047 |d 342045 | ||
| 952 | |0 0 |1 0 |4 0 |6 863_000000000000000_CEL_1991 |7 0 |8 C |9 437996 |a BIBCUR |b BIBCUR |d 2019-11-22 |i 4681851 |o 863 CEL 1991 |p 4681851 |r 2025-04-22 |w 2019-11-22 |y BK |k CAC | ||